00525cam a2200157 4500001001100000008004100011035001500052050002500067245011900092250001100211260003100222300002100253440003200274650002700306650003400333BIIH004828 s1977 mx spa  aBIIH00482800aJL1298b.56 C64 197710aPrimer congreso obrero socialista, celebrado en Montul, Estado de Yucatan :bbases que se discutieron y aprobaron. a2a ed. aMéxico :bCEHSMO, c1977 a117 p. ;c17 cm. 0aCuadernos Obreros ;vno. 1110aSocialismo en México20aPartidos Politicos zMéxico